Statistics for 1 Photo / 10 Questions (#4)

Click here to take the quiz!

General Stats

  • This quiz has been taken 19 times
  • The average score is 7 of 10

Answers on the Map

Answers color-coded by a green-red scale on the quiz's map according to % correct below.
 

Answer Stats

Answer% Correct
Greek | Turkish
100%
Turkey
93%
Mediterranean
87%
Nicosia
87%
Cypriot
80%
Euro
80%
Greek Orthodox
67%
Aphrodite
47%
Olympus
33%
Othello
33%

Score Distribution

Percentile by Number Answered

Percent of People with Each Score

Your Score History

You have not taken this quiz